000 00348nam a22001337a 4500
020 _aNA
082 _222
_a629.04
100 _aVazirani, V. N and Chandola, S. P.
245 _aTransportation engineering /
260 _aNew Delhi,
_bKhanna Publication,
_cc2005.
300 _axx, 4-144 p. ;
_bill. ;
_c21 cm.
400 _av.1
942 _2ddc
_cCIVIL
_01
999 _c236
_d236